| 000 | 00375nam a2200157Ia 4500 | ||
|---|---|---|---|
| 008 | 151213s9999 xx 000 0 und d | ||
| 100 | _aAldun Huxley | ||
| 245 |
_aThose Barren Leaves _cAldun Huxley |
||
| 250 | _a1st | ||
| 260 |
_aAustralia _bPenguijng Book _c1925 |
||
| 300 | _a4350 p. | ||
| 650 | _aEnglish | ||
| 650 | _aHistory | ||
| 700 | _aAldun Huxley | ||
| 999 |
_c2764 _d2764 |
||